[Event "Quebec-ch qual"]
[Site "Montreal CAN"]
[Date "2005.07.21"]
[Round "5"]
[White "Trottier, Alain"]
[Black "Rouleau, Paul"]
[Result "1-0"]
[WhiteElo "1972"]
[BlackElo "1919"]
[PlyCount "53"]
[GameId "2160767910901095"]
[EventDate "2005.07.17"]
[EventType "swiss"]
[EventRounds "9"]
[EventCountry "CAN"]
[SourceTitle "EXT 2009"]
[Source "ChessBase"]
[SourceDate "2008.11.26"]
[SourceVersion "1"]
[SourceVersionDate "2008.11.26"]
[SourceQuality "1"]

1. Nf3 Nf6 2. g3 b6 3. Bg2 Bb7 4. O-O c5 5. c4 e6 6. Nc3 Be7 7. a3 O-O 8. d3 a6 9. Rb1 Nc6 10. e4 d6 11. h3 Nd7 12. Re1 Bf6 13. Ne2 b5 14. b4 cxb4 15. axb4 bxc4 16. dxc4 Nde5 17. Nxe5 Nxe5 18. Qb3 Qc7 19. c5 dxc5 20. bxc5 Rab8 21. Qc2 Rfc8 22. Be3 Be7 23. Rec1 Nd7 24. Nf4 Bxc5 25. Bxc5 Qxc5 26. Qd1 Qe7 27. Rxb7 1-0

[Event "Quebec-ch qual"]
[Site "Montreal CAN"]
[Date "2005.07.22"]
[Round "6"]
[White "Audet-Bouchard, Nicolas"]
[Black "Tessier, Olivier"]
[Result "0-1"]
[WhiteElo "2128"]
[BlackElo "2136"]
[PlyCount "96"]
[GameId "2160767910901096"]
[EventDate "2005.07.17"]
[EventType "swiss"]
[EventRounds "9"]
[EventCountry "CAN"]
[SourceTitle "EXT 2009"]
[Source "ChessBase"]
[SourceDate "2008.11.26"]
[SourceVersion "1"]
[SourceVersionDate "2008.11.26"]
[SourceQuality "1"]

1. e4 c5 2. Nc3 Nc6 3. Nge2 e6 4. d4 cxd4 5. Nxd4 Qc7 6. Be3 a6 7. Qd2 Bb4 8. O-O-O Nf6 9. f3 d5 10. Bg5 Nxd4 11. Bxf6 gxf6 12. Qxd4 Bxc3 13. bxc3 e5 14. Qb4 dxe4 15. fxe4 Be6 16. Be2 Rc8 17. Kb2 Rg8 18. Rd2 Rd8 19. Rhd1 Rd7 20. g3 Kd8 21. Rxd7+ Bxd7 22. Bc4 Ke8 23. Bd5 b5 24. c4 a5 25. Qd2 Rf8 26. c5 Ke7 27. Qf2 Rc8 28. Rf1 f5 29. exf5 f6 30. c6 Bxc6 31. Qc5+ Qd6 32. Qxd6+ Kxd6 33. Be6 Rd8 34. Rd1+ Ke7 35. Rxd8 Kxd8 36. c4 b4 37. Bg8 h6 38. Bf7 Ke7 39. Bg6 Kd6 40. a3 Kc5 41. axb4+ Kxb4 42. Bf7 Be4 43. g4 Bf3 44. Bh5 e4 45. h4 Kxc4 46. g5 fxg5 47. hxg5 hxg5 48. Be8 Kd5 0-1

[Event "Quebec-ch qual"]
[Site "Montreal CAN"]
[Date "2005.07.22"]
[Round "6"]
[White "Bolduc, Steve"]
[Black "Wilkin, Alain"]
[Result "1-0"]
[WhiteElo "2206"]
[BlackElo "1948"]
[PlyCount "113"]
[GameId "2160767910901097"]
[EventDate "2005.07.17"]
[EventType "swiss"]
[EventRounds "9"]
[EventCountry "CAN"]
[SourceTitle "EXT 2009"]
[Source "ChessBase"]
[SourceDate "2008.11.26"]
[SourceVersion "1"]
[SourceVersionDate "2008.11.26"]
[SourceQuality "1"]

1. d4 d5 2. c4 e6 3. Nf3 Nf6 4. Bg5 Be7 5. Nc3 h6 6. Bh4 O-O 7. e3 b6 8. Qc2 Bb7 9. Rd1 Ne4 10. Bxe7 Qxe7 11. Bd3 Nxc3 12. Qxc3 dxc4 13. Bxc4 Nd7 14. d5 Nc5 15. O-O exd5 16. Bxd5 c6 17. Bc4 Ne4 18. Qe5 Rfe8 19. Qxe7 Rxe7 20. Nh4 Kf8 21. Nf5 Rc7 22. f3 Nf6 23. Rd6 Ne8 24. Rd2 b5 25. Be2 Bc8 26. Nd4 a6 27. Rc1 c5 28. Rdc2 c4 29. b3 Nd6 30. bxc4 bxc4 31. Bxc4 Rxc4 32. Rxc4 Nxc4 33. Rxc4 Bd7 34. Rc7 Ke8 35. Kf2 Rb8 36. e4 Rb2+ 37. Rc2 Rxc2+ 38. Nxc2 Ke7 39. Ke3 Be6 40. a3 g6 41. Kd4 Kd6 42. Nb4 Bc8 43. e5+ Kc7 44. Kc5 h5 45. h4 Kb7 46. Nd5 Be6 47. Nf4 Bf5 48. a4 Kc7 49. a5 Bc2 50. Nd5+ Kb7 51. Kd6 Bb3 52. Nf4 Bc4 53. g4 Bb3 54. gxh5 gxh5 55. Nxh5 Bd1 56. Nf6 Bxf3 57. h5 1-0

[Event "Quebec-ch qual"]
[Site "Montreal CAN"]
[Date "2005.07.23"]
[Round "7"]
[White "Fernandez, Lautaro"]
[Black "Audet-Bouchard, Nicolas"]
[Result "0-1"]
[WhiteElo "2120"]
[BlackElo "2128"]
[PlyCount "89"]
[GameId "2160767910901098"]
[EventDate "2005.07.17"]
[EventType "swiss"]
[EventRounds "9"]
[EventCountry "CAN"]
[SourceTitle "EXT 2009"]
[Source "ChessBase"]
[SourceDate "2008.11.26"]
[SourceVersion "1"]
[SourceVersionDate "2008.11.26"]
[SourceQuality "1"]

1. d4 Nf6 2. c4 e6 3. g3 c5 4. Nf3 cxd4 5. Nxd4 Nc6 6. Bg2 Qb6 7. Nb3 d5 8. cxd5 exd5 9. O-O Be7 10. Be3 Qc7 11. Nc3 Be6 12. Rc1 O-O 13. Nd4 Qd7 14. Nxc6 bxc6 15. Na4 Bh3 16. Nc5 Qf5 17. Qc2 Qh5 18. f3 Bd6 19. Bd4 Rae8 20. Rf2 Nd7 21. Bxh3 Qxh3 22. Nxd7 Qxd7 23. Qxc6 Qe6 24. Qa6 Bxg3 25. Rc6 Bxf2+ 26. Kxf2 Qd7 27. Bc5 Rc8 28. Rxc8 Rxc8 29. Qxa7 Qxa7 30. Bxa7 Ra8 31. Bd4 Rxa2 32. b4 Ra4 33. Bc5 f5 34. f4 Kf7 35. Kf3 Ra3+ 36. e3 Rb3 37. Kf2 Ke6 38. Kf3 Kd7 39. h4 h5 40. Ke2 Kc6 41. Bf8 g6 42. Be7 Kb5 43. Kd2 Kc4 44. Ke2 Rb2+ 45. Kf3 0-1

[Event "Quebec-ch qual"]
[Site "Montreal CAN"]
[Date "2005.07.23"]
[Round "7"]
[White "Haukenfrers, Dale"]
[Black "Jodoin, Pierre"]
[Result "0-1"]
[WhiteElo "2150"]
[BlackElo "1761"]
[PlyCount "70"]
[GameId "2160767910901099"]
[EventDate "2005.07.17"]
[EventType "swiss"]
[EventRounds "9"]
[EventCountry "CAN"]
[SourceTitle "EXT 2009"]
[Source "ChessBase"]
[SourceDate "2008.11.26"]
[SourceVersion "1"]
[SourceVersionDate "2008.11.26"]
[SourceQuality "1"]

1. e4 c5 2. Nf3 Nc6 3. b4 cxb4 4. d4 d5 5. exd5 Qxd5 6. c4 bxc3 7. Nxc3 Qa5 8. d5 Qxc3+ 9. Bd2 Qc5 10. dxc6 bxc6 11. Rc1 Qd6 12. Bc4 e6 13. O-O Nf6 14. Re1 Be7 15. Ne5 O-O 16. Bd3 Bb7 17. Rc4 c5 18. Rf4 Rad8 19. Re3 Qd5 20. Qf1 Qxa2 21. Bc3 Rxd3 22. Nxd3 Nd5 23. Bxg7 Kxg7 24. Rg3+ Kh8 25. Rfg4 Bf6 26. Nxc5 Bc6 27. Nb3 Nc3 28. Nc1 Qd5 29. Rd3 Qf5 30. Rdg3 Rd8 31. Nb3 Qd5 32. Rd4 Bxd4 33. Rd3 Qxb3 34. Qd1 Qxd1+ 35. Rxd1 Nxd1 0-1

[Event "Quebec-ch qual"]
[Site "Montreal CAN"]
[Date "2005.07.23"]
[Round "7"]
[White "St Amand, Paul Jr"]
[Black "Cloutier, Mathieu"]
[Result "1/2-1/2"]
[WhiteElo "2109"]
[BlackElo "1950"]
[PlyCount "92"]
[GameId "2160767910901100"]
[EventDate "2005.07.17"]
[EventType "swiss"]
[EventRounds "9"]
[EventCountry "CAN"]
[SourceTitle "EXT 2009"]
[Source "ChessBase"]
[SourceDate "2008.11.26"]
[SourceVersion "1"]
[SourceVersionDate "2008.11.26"]
[SourceQuality "1"]

1. e4 c6 2. d4 d5 3. Nd2 dxe4 4. Nxe4 Nd7 5. Nf3 Ngf6 6. Nxf6+ Nxf6 7. Bc4 e6 8. O-O Be7 9. Qe2 O-O 10. Re1 c5 11. c3 cxd4 12. Nxd4 Nd5 13. Nf5 exf5 14. Bxd5 Qxd5 15. Qxe7 Bd7 16. Be3 Rfe8 17. Qg5 Bc6 18. Bd4 g6 19. f3 Re6 20. Qh6 f6 21. Rxe6 Qxe6 22. Qh4 a6 23. Re1 Qf7 24. Bxf6 Re8 25. Rxe8+ Bxe8 26. Bd4 Bc6 27. h3 Qf8 28. Qf4 Qe7 29. b3 Be8 30. Kh2 Bc6 31. a4 Kf7 32. a5 Ke6 33. b4 Qd6 34. Kg3 Qxf4+ 35. Kxf4 Bb5 36. g3 Bf1 37. h4 h5 38. g4 fxg4 39. fxg4 hxg4 40. Kxg4 Bd3 41. Kf4 Bc4 42. Ke4 Ba2 43. Bc5 Kf6 44. Bb6 Ke6 45. Kd4 Kd6 46. c4 Kc6 1/2-1/2

[Event "Quebec-ch qual"]
[Site "Montreal CAN"]
[Date "2005.07.23"]
[Round "7"]
[White "Trottier, Alain"]
[Black "Malveau, Cedric"]
[Result "1-0"]
[WhiteElo "1972"]
[BlackElo "1970"]
[PlyCount "63"]
[GameId "2160767910901101"]
[EventDate "2005.07.17"]
[EventType "swiss"]
[EventRounds "9"]
[EventCountry "CAN"]
[SourceTitle "EXT 2009"]
[Source "ChessBase"]
[SourceDate "2008.11.26"]
[SourceVersion "1"]
[SourceVersionDate "2008.11.26"]
[SourceQuality "1"]

1. Nf3 Nf6 2. g3 g6 3. Bg2 Bg7 4. O-O O-O 5. d4 d6 6. c4 Nbd7 7. Nc3 e5 8. dxe5 dxe5 9. e4 c6 10. Qe2 Qe7 11. b3 a5 12. Bb2 Nh5 13. Rfe1 Rd8 14. Na4 Nhf6 15. Rad1 b6 16. Nxe5 Nxe5 17. Rxd8+ Qxd8 18. Bxe5 Nd7 19. Bxg7 Kxg7 20. Rd1 Qe8 21. Qd2 b5 22. cxb5 cxb5 23. Nc3 Qe5 24. h3 Ra6 25. Kh2 g5 26. Rc1 Rd6 27. Nd5 Bb7 28. Qxa5 h5 29. Qxb5 Qb2 30. Ne3 Kg8 31. Rc2 Qb1 32. Qxb7 1-0

[Event "Quebec-ch qual"]
[Site "Montreal CAN"]
[Date "2005.07.23"]
[Round "7"]
[White "Ye, Ling Feng"]
[Black "Wilkin, Alain"]
[Result "1/2-1/2"]
[WhiteElo "2051"]
[BlackElo "1948"]
[PlyCount "94"]
[GameId "2160767910901102"]
[EventDate "2005.07.17"]
[EventType "swiss"]
[EventRounds "9"]
[EventCountry "CAN"]
[SourceTitle "EXT 2009"]
[Source "ChessBase"]
[SourceDate "2008.11.26"]
[SourceVersion "1"]
[SourceVersionDate "2008.11.26"]
[SourceQuality "1"]

1. e4 c5 2. Nc3 Nc6 3. Nge2 Nf6 4. d4 cxd4 5. Nxd4 d6 6. Be3 e5 7. Nb3 Be7 8. f3 Be6 9. Qd2 a6 10. O-O-O O-O 11. g4 Na5 12. Kb1 Nxb3 13. cxb3 b5 14. h4 Qb8 15. Bd3 Nd7 16. Nd5 Bd8 17. Qf2 Bxd5 18. exd5 Bb6 19. g5 Bxe3 20. Qxe3 Qb6 21. Qe2 f5 22. gxf6 Nxf6 23. Rhg1 Ra7 24. Rg5 Rc7 25. Rdg1 Qd4 26. Be4 Nxe4 27. Qxe4 Qxe4+ 28. fxe4 Rf4 29. R5g4 Rcf7 30. h5 Rxg4 31. Rxg4 Rf4 32. Rg3 Rh4 33. Kc2 Rxh5 34. Kc3 Rh4 35. Re3 Rh2 36. a4 h5 37. axb5 axb5 38. Kb4 Rxb2 39. Kxb5 Rc2 40. Ka6 g5 41. Rg3 g4 42. b4 Ra2+ 43. Kb6 Kf7 44. Kc7 Ke7 45. b5 Rc2+ 46. Kb7 Rb2 47. b6 Kd7 1/2-1/2

[Event "Quebec-ch qual"]
[Site "Montreal CAN"]
[Date "2005.07.24"]
[Round "9"]
[White "St Amand, Paul Jr"]
[Black "Arsenault, Nicolas"]
[Result "1/2-1/2"]
[WhiteElo "2109"]
[BlackElo "2048"]
[PlyCount "32"]
[GameId "2160767910901103"]
[EventDate "2005.07.17"]
[EventType "swiss"]
[EventRounds "9"]
[EventCountry "CAN"]
[SourceTitle "EXT 2009"]
[Source "ChessBase"]
[SourceDate "2008.11.26"]
[SourceVersion "1"]
[SourceVersionDate "2008.11.26"]
[SourceQuality "1"]

1. c4 Nf6 2. Nc3 g6 3. g3 Bg7 4. Bg2 O-O 5. e3 e5 6. Nge2 c6 7. d4 d6 8. O-O Re8 9. d5 c5 10. e4 h6 11. h3 Nh7 12. Be3 Na6 13. Kh2 Nc7 14. Qd2 h5 15. f4 f6 16. Rf2 Qe7 1/2-1/2

[Event "Quebec-ch qual"]
[Site "Montreal CAN"]
[Date "2005.07.24"]
[Round "9"]
[White "Yuan, Yuanling"]
[Black "Trottier, Alain"]
[Result "1/2-1/2"]
[WhiteElo "1995"]
[BlackElo "1972"]
[PlyCount "64"]
[GameId "2160767910901104"]
[EventDate "2005.07.17"]
[EventType "swiss"]
[EventRounds "9"]
[EventCountry "CAN"]
[SourceTitle "EXT 2009"]
[Source "ChessBase"]
[SourceDate "2008.11.26"]
[SourceVersion "1"]
[SourceVersionDate "2008.11.26"]
[SourceQuality "1"]

1. e4 c6 2. d4 d5 3. e5 Bf5 4. Nf3 e6 5. c3 Nd7 6. Bd3 Bxd3 7. Qxd3 c5 8. O-O Qb6 9. Nbd2 Ne7 10. Rd1 Nc6 11. a3 a5 12. b3 Be7 13. Rb1 Rc8 14. Nf1 cxd4 15. cxd4 Ndb8 16. Ng3 Qa6 17. Qe3 h6 18. Nh5 Bf8 19. Nh4 Nd7 20. Bb2 g6 21. Nf6+ Nxf6 22. exf6 Bd6 23. f4 Kd7 24. Nf3 Qb6 25. Ne5+ Bxe5 26. fxe5 Qb5 27. Ba1 Nb8 28. Rdc1 Rxc1+ 29. Rxc1 Nc6 30. Rc5 Qb6 31. h3 h5 32. Kh2 Qa6 1/2-1/2

[Event "Quebec-ch qual 2000+"]
[Site "Montreal CAN"]
[Date "2005.10.08"]
[Round "1"]
[White "Clark Foulquier, Stephen Philip"]
[Black "Cloutier, Mathieu"]
[Result "1-0"]
[WhiteElo "2138"]
[BlackElo "1984"]
[PlyCount "65"]
[GameId "2160767910834430"]
[EventDate "2005.10.08"]
[EventType "swiss"]
[EventRounds "5"]
[EventCountry "CAN"]
[SourceTitle "EXT 2022"]
[Source "ChessBase"]
[SourceDate "2021.10.06"]
[SourceVersion "1"]
[SourceVersionDate "2021.10.06"]
[SourceQuality "1"]

1. d4 Nf6 2. Bf4 g6 3. e3 Bg7 4. h3 d6 5. Nf3 O-O 6. Be2 c5 7. Nbd2 cxd4 8. exd4 Nc6 9. c3 Re8 10. Nc4 Nd5 11. Bh2 b5 12. Ne3 Nxe3 13. fxe3 Qb6 14. O-O Rf8 15. Kh1 Bd7 16. e4 b4 17. Bg1 bxc3 18. d5 cxb2 19. Rb1 Qb4 20. dxc6 Be6 21. Bd4 Bxd4 22. Qxd4 Rab8 23. c7 Rb6 24. Qf2 Bxa2 25. Ng5 Qc3 26. Bg4 f5 27. Qh4 Qg7 28. exf5 h6 29. Ne6 g5 30. Qh5 Qf6 31. Nxf8 Qxf8 32. Qg6+ Kh8 33. f6 1-0

[Event "Quebec-ch qual 2000+"]
[Site "Montreal CAN"]
[Date "2005.10.08"]
[Round "1"]
[White "Miron, Francois"]
[Black "Malek, Omid"]
[Result "0-1"]
[WhiteElo "2003"]
[BlackElo "2165"]
[PlyCount "66"]
[GameId "2160767910834433"]
[EventDate "2005.10.08"]
[EventType "swiss"]
[EventRounds "5"]
[EventCountry "CAN"]
[SourceTitle "EXT 2022"]
[Source "ChessBase"]
[SourceDate "2021.10.06"]
[SourceVersion "1"]
[SourceVersionDate "2021.10.06"]
[SourceQuality "1"]

1. e4 c5 2. Nc3 Nc6 3. f4 e6 4. Bc4 g6 5. Nf3 Bg7 6. f5 Nge7 7. fxe6 dxe6 8. O-O O-O 9. d3 Nd4 10. Bg5 h6 11. Bh4 Qd7 12. a4 Nec6 13. Qd2 Nxf3+ 14. Rxf3 Ne5 15. Bb5 Nxf3+ 16. gxf3 Qc7 17. a5 g5 18. Bg3 Be5 19. Ne2 Bxg3 20. hxg3 f5 21. f4 Qg7 22. e5 g4 23. Qc3 Bd7 24. Qc4 Bxb5 25. Qxb5 Qe7 26. Nc3 a6 27. Qb3 Rac8 28. Ra4 h5 29. Ne2 Kg7 30. d4 h4 31. dxc5 hxg3 32. Rb4 Rfd8 33. Nd4 Qh4 0-1

[Event "Quebec-ch qual 2000+"]
[Site "Montreal CAN"]
[Date "2005.10.08"]
[Round "1"]
[White "Rodriguez, Aaron"]
[Black "Bekteshi, Muhamet"]
[Result "1-0"]
[WhiteElo "1915"]
[BlackElo "2061"]
[PlyCount "103"]
[GameId "2160767910834434"]
[EventDate "2005.10.08"]
[EventType "swiss"]
[EventRounds "5"]
[EventCountry "CAN"]
[SourceTitle "EXT 2022"]
[Source "ChessBase"]
[SourceDate "2021.10.06"]
[SourceVersion "1"]
[SourceVersionDate "2021.10.06"]
[SourceQuality "1"]

1. e4 c6 2. d4 d5 3. exd5 cxd5 4. c4 e6 5. c5 Nf6 6. Nc3 Be7 7. Bd3 Nc6 8. Nf3 h6 9. Bf4 O-O 10. Qd2 Nh7 11. Bxh6 f5 12. Bf4 g5 13. Be5 g4 14. Rg1 Rf7 15. Qh6 Bd7 16. h3 Nxe5 17. Nxe5 Rg7 18. hxg4 Bg5 19. Qh3 fxg4 20. Bxh7+ Rxh7 21. Qxg4 Rg7 22. Qh3 Bf4 23. Nxd7 Qxd7 24. Rh1 Rf8 25. Rd1 Rf5 26. g3 Bc7 27. Qh8+ Kf7 28. Rh7 Rfg5 29. Rd3 Rxh7 30. Qxh7+ Ke8 31. Qh8+ Ke7 32. Rf3 Rf5 33. Rxf5 exf5 34. Qg7+ Ke8 35. Qxd7+ Kxd7 36. Nxd5 Bd8 37. Ke2 Kc6 38. Ne3 f4 39. gxf4 b6 40. cxb6 axb6 41. Kd3 Bh4 42. f3 Bg3 43. f5 Bh4 44. a4 Bd8 45. b4 b5 46. d5+ Kb6 47. a5+ Kc7 48. Kd4 Kd6 49. Ng4 Bg5 50. f6 Bd2 51. f7 Ke7 52. Kc5 1-0

[Event "Quebec-ch qual 2000+"]
[Site "Montreal CAN"]
[Date "2005.10.08"]
[Round "1"]
[White "Sicotte, Marc"]
[Black "Bolduc, Steve"]
[Result "0-1"]
[WhiteElo "2031"]
[BlackElo "2206"]
[PlyCount "86"]
[GameId "2160767910834437"]
[EventDate "2005.10.08"]
[EventType "swiss"]
[EventRounds "5"]
[EventCountry "CAN"]
[SourceTitle "EXT 2022"]
[Source "ChessBase"]
[SourceDate "2021.10.06"]
[SourceVersion "1"]
[SourceVersionDate "2021.10.06"]
[SourceQuality "1"]

1. e4 c5 2. Nf3 d6 3. d4 cxd4 4. Nxd4 Nf6 5. Nc3 a6 6. f4 e5 7. Nf3 Nbd7 8. a4 Be7 9. Bd3 O-O 10. O-O Nc5 11. Kh1 exf4 12. Bxf4 Bg4 13. Qe1 Rc8 14. Nd2 Re8 15. Qg3 Bh5 16. Rae1 Bg6 17. Qf3 Bh5 18. Qg3 Bg6 19. Qf3 Ne6 20. Be3 Nd7 21. Nd5 Ne5 22. Qe2 Bg5 23. Bb6 Qd7 24. b3 Qc6 25. c4 Nxd3 26. Qxd3 Nc5 27. Bxc5 Qxc5 28. Nf3 Be7 29. Nd4 Bf8 30. Nf5 Re5 31. Nh4 Rce8 32. Nxg6 hxg6 33. Re2 f6 34. Qg3 Kf7 35. Nf4 Rg5 36. Qf3 Qd4 37. h4 Rge5 38. Qg4 g5 39. Nh3 gxh4 40. Qxh4 Kg8 41. Rfe1 Be7 42. Qf4 Bd8 43. g4 Ba5 0-1

[Event "Quebec-ch qual 2000+"]
[Site "Montreal CAN"]
[Date "2005.10.08"]
[Round "1"]
[White "Tomb, Maroun"]
[Black "Gadbois, Patrick"]
[Result "1-0"]
[WhiteElo "2093"]
[BlackElo "1939"]
[PlyCount "111"]
[GameId "2160767910834438"]
[EventDate "2005.10.08"]
[EventType "swiss"]
[EventRounds "5"]
[EventCountry "CAN"]
[SourceTitle "EXT 2022"]
[Source "ChessBase"]
[SourceDate "2021.10.06"]
[SourceVersion "1"]
[SourceVersionDate "2021.10.06"]
[SourceQuality "1"]

1. e4 e6 2. d4 d5 3. Nd2 dxe4 4. Nxe4 Bd7 5. Bd3 Bc6 6. Nf3 Nd7 7. O-O Ngf6 8. Nxf6+ Nxf6 9. Re1 Be7 10. c3 Bxf3 11. Qxf3 c6 12. Bg5 Qd5 13. Qxd5 Nxd5 14. Bxe7 Nxe7 15. g3 O-O-O 16. Be4 Rhe8 17. Re2 h6 18. f4 Nd5 19. Rae1 Nf6 20. Bf3 Kc7 21. Kf2 b6 22. g4 g6 23. Kg3 c5 24. dxc5 bxc5 25. Re5 Nd7 26. R5e4 Nb6 27. R1e2 Rd3 28. Kf2 Red8 29. f5 exf5 30. gxf5 R8d6 31. Re7+ Rd7 32. R7e5 c4 33. Rc5+ Kd8 34. Be4 R3d6 35. Re5 g5 36. Bf3 Nd5 37. Re8+ Kc7 38. R2e4 Nb6 39. R4e5 Rd2+ 40. Ke1 Na4 41. Ra5 Nxc3 42. Rxa7+ Kb6 43. Rxd7 Rxd7 44. bxc3 Rd3 45. Bh5 Rxc3 46. Bxf7 Kb5 47. Rb8+ Ka4 48. Bd5 Re3+ 49. Kf2 Re5 50. Bxc4 Rxf5+ 51. Kg3 Rc5 52. Bb3+ Ka3 53. Rh8 Rc3+ 54. Kg4 Rc6 55. Kh5 Rf6 56. Rxh6 1-0

[Event "Quebec-ch qual 2000+"]
[Site "Montreal CAN"]
[Date "2005.10.08"]
[Round "1"]
[White "Trottier, Alain"]
[Black "Libersan, Thierry"]
[Result "0-1"]
[WhiteElo "1961"]
[BlackElo "2115"]
[PlyCount "90"]
[GameId "2160767910834439"]
[EventDate "2005.10.08"]
[EventType "swiss"]
[EventRounds "5"]
[EventCountry "CAN"]
[SourceTitle "EXT 2009"]
[Source "ChessBase"]
[SourceDate "2008.11.26"]
[SourceVersion "1"]
[SourceVersionDate "2008.11.26"]
[SourceQuality "1"]

1. Nf3 Nf6 2. g3 g6 3. Bg2 Bg7 4. O-O d6 5. d4 Nbd7 6. c4 O-O 7. Nc3 c6 8. e4 Qc7 9. h3 Re8 10. Be3 h6 11. Rc1 e5 12. dxe5 dxe5 13. Qe2 Bf8 14. Rfd1 a5 15. Kh2 Kh7 16. Ne1 Bc5 17. Bd2 Nh5 18. Nd3 Bd4 19. b3 Nf8 20. Na4 Ne6 21. c5 Qe7 22. Qe1 Nf6 23. Bxa5 Nd7 24. Bb4 f5 25. f3 fxe4 26. fxe4 Rf8 27. Qe2 Nf6 28. Nb6 Rb8 29. Rf1 Bd7 30. a3 Rf7 31. a4 Rbf8 32. Ba3 Ng5 33. Nxd7 Qxd7 34. h4 Ne6 35. Bh3 Qe7 36. b4 Ra8 37. a5 Nc7 38. Nb2 Nb5 39. Nc4 Raf8 40. Rc2 Nc3 41. Qe1 Ng4+ 42. Kh1 Nf2+ 43. Kg2 Ncxe4 44. Bc1 Rf3 45. Re2 Rxg3+ 0-1

[Event "Quebec-ch qual 2000+"]
[Site "Montreal CAN"]
[Date "2005.10.08"]
[Round "2"]
[White "Cloutier, Mathieu"]
[Black "Sicotte, Marc"]
[Result "1/2-1/2"]
[WhiteElo "1984"]
[BlackElo "2031"]
[PlyCount "107"]
[GameId "2160767910834441"]
[EventDate "2005.10.08"]
[EventType "swiss"]
[EventRounds "5"]
[EventCountry "CAN"]
[SourceTitle "EXT 2009"]
[Source "ChessBase"]
[SourceDate "2008.11.26"]
[SourceVersion "1"]
[SourceVersionDate "2008.11.26"]
[SourceQuality "1"]

1. e4 c5 2. Nf3 e6 3. d4 cxd4 4. Nxd4 Nf6 5. Nc3 Nc6 6. Nxc6 bxc6 7. e5 Nd5 8. Ne4 Ba6 9. c4 Nb6 10. b3 Qb8 11. Nd6+ Bxd6 12. exd6 Nc8 13. Ba3 Qb6 14. Qd2 c5 15. O-O-O Bb7 16. f3 a5 17. Qe3 Na7 18. Bxc5 Qa6 19. Bd4 f6 20. Bb6 Bc6 21. a4 Nc8 22. c5 Qb7 23. Bc7 Ne7 24. Bc4 Nd5 25. Bxd5 Bxd5 26. Rd3 O-O 27. Rhd1 Bc6 28. Qd2 Qa6 29. Qc3 Rfc8 30. Rd4 Rf8 31. Rh4 Qe2 32. Qd3 Qxd3 33. Rxd3 g5 34. Rc4 f5 35. g3 f4 36. gxf4 gxf4 37. Rc2 Rf5 38. Bb6 e5 39. Re2 Rg5 40. h4 Rf5 41. Kd2 Kf7 42. Rc3 Kf6 43. Rf2 Rh5 44. Rh2 Kf5 45. Ke2 Rh6 46. Kf2 Rg6 47. Rg2 Rxg2+ 48. Kxg2 e4 49. fxe4+ Kxe4 50. Kf2 Kf5 51. Rc1 Kg4 52. Rg1+ Kxh4 53. Rg7 h5 54. Rg6 1/2-1/2

[Event "Quebec-ch qual 2000+"]
[Site "Montreal CAN"]
[Date "2005.10.08"]
[Round "2"]
[White "Larochelle, Martial"]
[Black "Rodriguez, Aaron"]
[Result "1-0"]
[WhiteElo "2127"]
[BlackElo "1915"]
[PlyCount "43"]
[GameId "2160767910834443"]
[EventDate "2005.10.08"]
[EventType "swiss"]
[EventRounds "5"]
[EventCountry "CAN"]
[SourceTitle "EXT 2009"]
[Source "ChessBase"]
[SourceDate "2008.11.26"]
[SourceVersion "1"]
[SourceVersionDate "2008.11.26"]
[SourceQuality "1"]

1. Nf3 g6 2. c4 Bg7 3. d4 Nf6 4. Nc3 d6 5. e4 O-O 6. Be2 Nbd7 7. O-O e5 8. Re1 a6 9. d5 Nh5 10. g3 h6 11. Be3 Ndf6 12. Nd2 Bh3 13. c5 Qd7 14. cxd6 cxd6 15. Nc4 Rad8 16. Nb6 Qe7 17. Rc1 Nxe4 18. Nxe4 f5 19. Bxh5 gxh5 20. Qxh5 Bg4 21. Qg6 Bf3 22. Bg5 1-0

[Event "Quebec-ch qual 2000+"]
[Site "Montreal CAN"]
[Date "2005.10.08"]
[Round "2"]
[White "Le Duin, Thierry"]
[Black "Miron, Francois"]
[Result "1-0"]
[WhiteElo "2053"]
[BlackElo "2003"]
[PlyCount "79"]
[GameId "2160767910834445"]
[EventDate "2005.10.08"]
[EventType "swiss"]
[EventRounds "5"]
[EventCountry "CAN"]
[SourceTitle "EXT 2009"]
[Source "ChessBase"]
[SourceDate "2008.11.26"]
[SourceVersion "1"]
[SourceVersionDate "2008.11.26"]
[SourceQuality "1"]

1. d4 f5 2. Bg5 g6 3. e3 Bg7 4. Nf3 c6 5. c3 d6 6. Bc4 d5 7. Bd3 Nd7 8. Nbd2 Ngf6 9. Bxf6 Bxf6 10. h4 e5 11. dxe5 Nxe5 12. Nxe5 Bxe5 13. Qc2 Qf6 14. Nf3 Bd6 15. h5 g5 16. Nd4 Rf8 17. O-O-O h6 18. Qb3 Rf7 19. g4 Bc5 20. Nxf5 Bxf5 21. Bxf5 Kf8 22. Rd3 Re7 23. Rhd1 Rd8 24. Qc2 Rd6 25. Qd2 Re8 26. c4 Red8 27. cxd5 Rxd5 28. Qc2 Rxd3 29. Rxd3 Rxd3 30. Qxd3 Qd6 31. Qxd6+ Bxd6 32. Kd2 Be5 33. b3 Ke7 34. Kd3 Kd6 35. Ke4 Bg7 36. Bc8 b5 37. Kf5 Bf8 38. f4 gxf4 39. exf4 Ke7 40. Kg6 1-0

[Event "Quebec-ch qual 2000+"]
[Site "Montreal CAN"]
[Date "2005.10.08"]
[Round "2"]
[White "Malek, Omid"]
[Black "Tomb, Maroun"]
[Result "1-0"]
[WhiteElo "2144"]
[BlackElo "2093"]
[PlyCount "43"]
[GameId "2160767910834447"]
[EventDate "2005.10.08"]
[EventType "swiss"]
[EventRounds "5"]
[EventCountry "CAN"]
[SourceTitle "EXT 2009"]
[Source "ChessBase"]
[SourceDate "2008.11.26"]
[SourceVersion "1"]
[SourceVersionDate "2008.11.26"]
[SourceQuality "1"]

1. e4 c5 2. Nf3 Nc6 3. Nc3 g6 4. d4 cxd4 5. Nxd4 Bg7 6. Be3 Nf6 7. Bc4 O-O 8. O-O Nxe4 9. Bxf7+ Rxf7 10. Nxe4 Nxd4 11. Bxd4 e5 12. Bc5 Bf8 13. Bd6 b6 14. Qd5 Ba6 15. Rfe1 Rc8 16. b3 Rxc2 17. Rac1 Rxc1 18. Rxc1 Bg7 19. Rc7 Bf6 20. Rxa7 Bc8 21. Ra8 Kg7 22. Qc4 1-0

[Event "Quebec-ch qual 2000+"]
[Site "Montreal CAN"]
[Date "2005.10.08"]
[Round "2"]
[White "Ye, Ling Feng"]
[Black "Trottier, Alain"]
[Result "1-0"]
[WhiteElo "2042"]
[BlackElo "1961"]
[PlyCount "60"]
[GameId "2160767910834448"]
[EventDate "2005.10.08"]
[EventType "swiss"]
[EventRounds "5"]
[EventCountry "CAN"]
[SourceTitle "EXT 2009"]
[Source "ChessBase"]
[SourceDate "2008.11.26"]
[SourceVersion "1"]
[SourceVersionDate "2008.11.26"]
[SourceQuality "1"]

1. e4 c6 2. d4 d5 3. Nc3 dxe4 4. Nxe4 Nd7 5. Nf3 Ngf6 6. Nxf6+ Nxf6 7. h3 Bf5 8. Bc4 e6 9. O-O Be7 10. c3 h6 11. Ne5 Nd7 12. f4 h5 13. Bd3 Bxd3 14. Qxd3 a6 15. Bd2 c5 16. Rae1 Rc8 17. Qe4 Nxe5 18. fxe5 cxd4 19. cxd4 Qd5 20. Qf4 Kd7 21. Bc3 Rcf8 22. a3 g5 23. Qg3 g4 24. h4 Kc8 25. Rc1 Kb8 26. Rc2 Qd8 27. Be1 Ka8 28. Bf2 Kb8 29. Rfc1 Ka8 30. Rc7 Qxc7 1-0